Statistics for Flags of Countries and Territories in the Atlantic Ocean

Click here to take the quiz!

General Stats

  • This quiz has been taken 137 times
  • The average score is 10 of 13

Answer Stats

Answer% Correct
Bahamas
98%
São Tomé and Príncipe
92%
Cape Verde
88%
Bermuda
86%
Faroe Island
83%
Falkland Islands
76%
Azores
72%
Canary Islands
68%
Saint Helena
68%
Ascension Island
67%
South Georgia and the South Sandwich Islands
64%
Madeira
62%
Tristan da Cuhna
62%

Score Distribution

Percentile by Number Answered

Percent of People with Each Score

Your Score History

You have not taken this quiz